[Event "Basel op"]
[Site "Basel"]
[Date "2015.01.05"]
[Round "7"]
[White "Hugentobler, Patrick"]
[Black "Eidinger, Helmut"]
[Result "1-0"]
[WhiteElo "2207"]
[BlackElo "2068"]
[PlyCount "45"]
[EventDate "2015.01.01"]
[EventType "swiss"]
[EventRounds "7"]
[EventCountry "SUI"]
[SourceTitle "CBM 164 Extra"]
[Source "ChessBase"]
[SourceDate "2015.03.02"]
[SourceVersion "1"]
[SourceVersionDate "2015.03.02"]
[SourceQuality "1"]

1. e4 c5 2. Nc3 Nc6 3. Bb5 Nd4 4. Bc4 g6 5. Nf3 Bg7 6. Nxd4 cxd4 7. Qf3 Nh6 8. Ne2 0-0 9. d3 Ng4 10. Bb3 Ne5 11. Qg3 Nc6 12. h4 Na5 13. h5 Nxb3 14. axb3 d6 15. hxg6 fxg6 16. Qh4 h5 17. Qg5 Rf6 18. Nf4 Kh7 19. Nxg6 Rxg6 20. Rxh5+ Rh6 21. Rxh6+ Bxh6 22. Qxh6+ Kg8 23. Qg6+ 1-0

[Event "Basel op"]
[Site "Basel"]
[Date "2015.01.04"]
[Round "6"]
[White "Terraz, Christian"]
[Black "Eidinger, Helmut"]
[Result "1/2-1/2"]
[WhiteElo "2052"]
[BlackElo "2068"]
[PlyCount "38"]
[EventDate "2015.01.01"]
[EventType "swiss"]
[EventRounds "7"]
[EventCountry "SUI"]
[SourceTitle "CBM 164 Extra"]
[Source "ChessBase"]
[SourceDate "2015.03.02"]
[SourceVersion "1"]
[SourceVersionDate "2015.03.02"]
[SourceQuality "1"]

1. d4 Nf6 2. Nf3 g6 3. c4 Bg7 4. Nc3 d5 5. e3 0-0 6. Qb3 e6 7. Be2 Nc6 8. cxd5 Nxd5 9. 0-0 b6 10. Rd1 Bb7 11. Nxd5 Na5 12. Qc2 exd5 13. Bd2 Nc4 14. Bb4 Nd6 15. Rac1 Rc8 16. Qa4 a5 17. Be1 Re8 18. Rc2 c6 19. Qa3 h5 1/2-1/2

[Event "Oberliga Baden 1415"]
[Site "Baden"]
[Date "2014.11.09"]
[Round "3.8"]
[White "Eidinger, Helmut"]
[Black "Bay, Nicolai"]
[Result "1/2-1/2"]
[WhiteElo "2081"]
[BlackElo "1965"]
[PlyCount "88"]
[EventDate "2014.09.21"]
[EventType "team-tourn"]
[EventRounds "9"]
[EventCountry "GER"]
[SourceTitle "EXT 2016"]
[Source "ChessBase"]
[SourceDate "2015.10.08"]
[SourceVersion "1"]
[SourceVersionDate "2015.10.08"]
[SourceQuality "1"]
[WhiteTeam "Waldshut Tiengen"]
[BlackTeam "Eppingen II"]
[WhiteTeamCountry "GER"]
[BlackTeamCountry "GER"]

1. e4 c5 2. Nf3 d6 3. d4 cxd4 4. Nxd4 Nf6 5. Nc3 a6 6. g3 Qc7 7. Bg2 Bd7 8. 0-0 g6 9. Bg5 Bg7 10. Bxf6 exf6 11. Nd5 Qd8 12. c3 Nc6 13. Qb3 Nxd4 14. cxd4 Bc6 15. Rac1 0-0 16. Rfd1 Rb8 17. f4 Qe8 18. Nc3 b5 19. Nd5 Bb7 20. Rc7 Kh8 21. Rdc1 Qe6 22. f5 Qe8 23. Re7 Bxd5 24. Rxe8 Bxb3 25. Rxf8+ Rxf8 26. axb3 Bh6 27. Rc6 Be3+ 28. Kf1 Bxd4 29. Rxd6 Bxb2 30. Rxa6 b4 31. Ra2 Bc3 32. Ke2 Rd8 33. Bf1 Kg7 34. Ke3 Rd7 35. Bc4 Bd4+ 36. Kf3 Bc3 37. g4 Be5 38. Bd5 Rc7 39. Bc4 Rd7 40. Bd5 Rc7 41. Bc4 Bc3 42. Bd5 Bd4 43. Bc4 Re7 44. Ra8 Ra7 1/2-1/2

[Event "SUI-ch Seniors"]
[Site "Bern"]
[Date "2014.09.29"]
[Round "2"]
[White "Huss, Benjamin"]
[Black "Eidinger, Helmut"]
[Result "1-0"]
[WhiteElo "2110"]
[BlackElo "2038"]
[PlyCount "79"]
[EventDate "2014.09.28"]
[EventType "tourn"]
[EventRounds "7"]
[EventCountry "SUI"]
[SourceTitle "EXT 2016"]
[Source "ChessBase"]
[SourceDate "2015.10.08"]
[SourceVersion "1"]
[SourceVersionDate "2015.10.08"]
[SourceQuality "1"]

1. e4 c5 2. Nf3 Nc6 3. d3 g6 4. g3 Bg7 5. Bg2 d6 6. Nc3 e5 7. 0-0 Nge7 8. Nh4 0-0 9. a4 Nd4 10. Bg5 Be6 11. Nd5 f6 12. Be3 Qd7 13. c3 Ndc6 14. a5 Rab8 15. Qd2 Bh3 16. Nxe7+ Nxe7 17. Rfb1 Bxg2 18. Nxg2 Qc6 19. c4 f5 20. f3 b5 21. axb6 axb6 22. Ra7 Rb7 23. Rxb7 Qxb7 24. b4 Qa8 25. b5 Qa3 26. Bg5 Bf6 27. Bxf6 Rxf6 28. Ne1 fxe4 29. dxe4 Kg7 30. Kg2 Nc8 31. Qc1 Qxc1 32. Rxc1 Rf7 33. Ra1 Ra7 34. Ra6 Kf6 35. Nc2 Rxa6 36. bxa6 Ke6 37. Na3 Kd7 38. Nb5 Kc6 39. h4 Ne7 40. Nxd6 1-0

[Event "Basel op"]
[Site "Basel"]
[Date "2014.01.02"]
[Round "2"]
[White "Eidinger, Helmut"]
[Black "Ernst, Rolf"]
[Result "0-1"]
[WhiteElo "2150"]
[BlackElo "2068"]
[PlyCount "132"]
[EventDate "2014.01.01"]
[EventType "swiss"]
[EventRounds "7"]
[EventCountry "SUI"]
[SourceTitle "CBM 158 Extra"]
[Source "ChessBase"]
[SourceDate "2014.02.28"]
[SourceVersion "1"]
[SourceVersionDate "2014.02.28"]
[SourceQuality "1"]

1. c4 Nf6 2. Nc3 d5 3. cxd5 Nxd5 4. g3 g6 5. Bg2 c6 6. Nf3 Bg7 7. d4 0-0 8. 0-0 Nb6 9. Bf4 Bg4 10. Ne5 Be6 11. Re1 f6 12. Nf3 Na6 13. e4 Bf7 14. Rc1 Qd7 15. b3 Rac8 16. Qe2 Nc7 17. Rcd1 Rfe8 18. h4 Rcd8 19. Nb1 Be6 20. Nbd2 Bg4 21. Nc4 Kf8 22. Kh2 Ne6 23. Be3 Nc8 24. Qd2 b6 25. Qc2 Qb7 26. Rd2 Nd6 27. Ng1 Nc7 28. e5 Nc8 29. Nh3 Bf5 30. Qc1 Nd5 31. Nf4 Nxf4 32. Bxf4 Be6 33. exf6 exf6 34. Nd6 Nxd6 35. Bxc6 Qf7 36. Bxe8 Nxe8 37. Rde2 Bg4 38. Qa3+ Kg8 39. Re7 Bf8 40. Rxf7 Bxa3 41. Rxa7 Bf8 42. Rb7 h6 43. Rxb6 g5 44. Be3 Bf3 45. a4 Bd6 46. hxg5 hxg5 47. Kg1 Kf7 48. Bc1 Nc7 49. Re3 Ba8 50. Rd3 Nd5 51. Ra6 Kg6 52. Rd1 Nc3 53. Re1 Bd5 54. f4 g4 55. Bb2 Ne4 56. Ra5 Nd2 57. Re2 Nf3+ 58. Kf2 Bxb3 59. Re3 Bf7 60. d5 Rc8 61. Rb3 Bc5+ 62. Ke2 Bxd5 63. Rc3 Re8+ 64. Kd1 Re1+ 65. Kc2 Be4+ 66. Kb3 Nd2+ 0-1

[Event "Oberliga Baden 1314"]
[Site "Germany"]
[Date "2013.10.13"]
[Round "1.5"]
[White "Schlager, Thomas"]
[Black "Eidinger, Helmut"]
[Result "1/2-1/2"]
[WhiteElo "2233"]
[BlackElo "2165"]
[PlyCount "36"]
[EventDate "2013.10.13"]
[EventType "team-tourn"]
[EventRounds "9"]
[EventCountry "GER"]
[SourceTitle "EXT 2015"]
[Source "ChessBase"]
[SourceDate "2014.11.20"]
[SourceVersion "1"]
[SourceVersionDate "2014.11.20"]
[SourceQuality "1"]
[WhiteTeam "Karlsruhe"]
[BlackTeam "Waldshut"]
[WhiteTeamCountry "GER"]
[BlackTeamCountry "GER"]

1. d4 Nf6 2. c4 g6 3. Nc3 d5 4. cxd5 Nxd5 5. Nf3 Bg7 6. Qb3 Nxc3 7. bxc3 c5 8. e3 0-0 9. Be2 Nc6 10. 0-0 b6 11. Rd1 Qc7 12. e4 Na5 13. Qa3 cxd4 14. cxd4 Bb7 15. Qd3 Rac8 16. Be3 Qc6 17. d5 Qc2 18. Bd4 Qxd3 1/2-1/2

[Event "Oberliga Baden 1213"]
[Site "Baden"]
[Date "2013.02.24"]
[Round "7.6"]
[White "Eidinger, Helmut"]
[Black "Wiechert, Hans"]
[Result "1/2-1/2"]
[WhiteElo "2163"]
[BlackElo "2251"]
[PlyCount "114"]
[EventDate "2012.10.14"]
[EventType "team-tourn"]
[EventRounds "9"]
[EventCountry "GER"]
[SourceTitle "EXT 2014"]
[Source "ChessBase"]
[SourceDate "2013.11.20"]
[SourceVersion "1"]
[SourceVersionDate "2013.11.20"]
[SourceQuality "1"]
[WhiteTeam "Waldshut"]
[BlackTeam "Kuppenheim"]
[WhiteTeamCountry "GER"]
[BlackTeamCountry "GER"]

1. g3 d5 2. Nf3 Nf6 3. Bg2 c6 4. 0-0 Bg4 5. Ne5 Bh5 6. d4 Nbd7 7. c4 e6 8. cxd5 cxd5 9. Bg5 Be7 10. Nc3 Nxe5 11. dxe5 Nd7 12. Bxe7 Qxe7 13. Qd4 Qc5 14. Qxc5 Nxc5 15. Rac1 Nd7 16. e4 d4 17. Nb5 0-0 18. Nxd4 Rfd8 19. f4 Nxe5 20. Nxe6 fxe6 21. fxe5 Rd2 22. Bh3 Re8 23. Rf2 Rd1+ 24. Rxd1 Bxd1 25. b3 Bh5 26. Rd2 Kf7 27. Rd7+ Re7 28. Rxe7+ Kxe7 29. Kf2 Be8 30. Ke3 Bc6 31. Kd4 b6 32. Bf1 a5 33. Bd3 Kd7 34. Kc3 Kc7 35. b4 axb4+ 36. Kxb4 Bd7 37. Bc4 Bc8 38. a4 Bd7 39. a5 bxa5+ 40. Kxa5 Bc8 41. Kb5 Bd7+ 42. Kc5 Bc8 43. Be2 Bb7 44. Bd3 Bc8 45. Bc4 Bd7 46. Bb5 Bc8 47. Kd4 Kb6 48. Be8 Kc7 49. Bf7 Kd8 50. Bg8 h6 51. Bf7 Ke7 52. Bg6 Kd8 53. Ke3 Ke7 54. Kf4 Ba6 55. Bh5 Bb5 56. Bf3 Be8 57. g4 g5+ 1/2-1/2

[Event "Basel Hilton op 15th"]
[Site "Basel"]
[Date "2013.01.05"]
[Round "7"]
[White "Grandadam, Nicolas"]
[Black "Eidinger, Helmut"]
[Result "1/2-1/2"]
[WhiteElo "2322"]
[BlackElo "2137"]
[PlyCount "67"]
[EventDate "2013.01.01"]
[EventType "swiss"]
[EventRounds "7"]
[EventCountry "SUI"]
[SourceTitle "CBM 152 Extra"]
[Source "ChessBase"]
[SourceDate "2013.02.25"]
[SourceVersion "1"]
[SourceVersionDate "2013.02.25"]
[SourceQuality "1"]

1. Nf3 c5 2. c4 Nc6 3. d4 cxd4 4. Nxd4 g6 5. e4 Bg7 6. Be3 Nf6 7. Nc3 Ng4 8. Qxg4 Nxd4 9. Qd1 Ne6 10. Rc1 d6 11. Be2 Bd7 12. 0-0 0-0 13. Qd2 Bc6 14. f3 a5 15. b3 Nc5 16. Rc2 b6 17. Rb1 Qc7 18. Bf1 Rfb8 19. Qe1 Rb7 20. a3 Ne6 21. Qf2 Qd8 22. Kh1 Rab8 23. Nb5 Bxb5 24. cxb5 Rc7 25. Rxc7 Qxc7 26. Rc1 Qb7 27. Bc4 Nc5 28. b4 axb4 29. axb4 Nd7 30. Bd5 Qa7 31. h3 Ne5 32. Rd1 Qa4 33. Rb1 Qxb5 34. f4 1/2-1/2

[Event "Basel Hilton op 15th"]
[Site "Basel"]
[Date "2013.01.02"]
[Round "2"]
[White "Eidinger, Helmut"]
[Black "Deubelbeiss, Rene"]
[Result "0-1"]
[WhiteElo "2137"]
[BlackElo "2015"]
[PlyCount "57"]
[EventDate "2013.01.01"]
[EventType "swiss"]
[EventRounds "7"]
[EventCountry "SUI"]
[SourceTitle "CBM 152 Extra"]
[Source "ChessBase"]
[SourceDate "2013.02.25"]
[SourceVersion "1"]
[SourceVersionDate "2013.02.25"]
[SourceQuality "1"]

1. e4 c5 2. Nf3 d6 3. d4 cxd4 4. Nxd4 Nf6 5. Nc3 a6 6. g3 e5 7. Nde2 b5 8. Bg2 Bb7 9. Bg5 Be7 10. 0-0 Nbd7 11. Bxf6 Nxf6 12. a3 0-0 13. Qd3 Qb6 14. Rad1 Rac8 15. h3 Rc7 16. g4 h6 17. Ng3 Rd8 18. Nf5 Bf8 19. Rfe1 Rc4 20. Qe3 Qc7 21. Rd3 Kh7 22. g5 Nh5 23. gxh6 g6 24. Qg5 f6 25. Qh4 Qf7 26. Ne3 Nf4 27. Ncd5 Bxd5 28. Nxd5 Nxd5 29. exd5 0-1

[Event "Oberliga Baden 1112"]
[Site "Germany"]
[Date "2011.11.20"]
[Round "3.6"]
[White "Eidinger, Helmut"]
[Black "Werner, Clemens"]
[Result "0-1"]
[WhiteElo "2104"]
[BlackElo "2322"]
[PlyCount "94"]
[EventDate "2011.10.02"]
[EventType "team-tourn"]
[EventRounds "9"]
[EventCountry "GER"]
[SourceTitle "EXT 2013"]
[Source "ChessBase"]
[SourceDate "2012.11.22"]
[SourceVersion "1"]
[SourceVersionDate "2012.11.22"]
[SourceQuality "1"]
[WhiteTeam "Waldshut"]
[BlackTeam "Karlsruhe"]
[WhiteTeamCountry "GER"]
[BlackTeamCountry "GER"]

1. e4 e5 2. Nf3 Nc6 3. Bb5 Nf6 4. 0-0 d6 5. d4 Bd7 6. Nc3 Be7 7. Re1 exd4 8. Nxd4 0-0 9. Bg5 Re8 10. Bc4 h6 11. Bh4 Ng4 12. Bxe7 Qxe7 13. h3 Nge5 14. Bb3 Be6 15. Nxe6 fxe6 16. f4 Nd7 17. Qg4 Nd4 18. Rad1 Nxb3 19. axb3 Rf8 20. Rf1 c6 21. Qe2 Rf7 22. Qd3 d5 23. Rde1 Raf8 24. exd5 Qc5+ 25. Qe3 exd5 26. Qxc5 Nxc5 27. g3 a5 28. Kg2 Rd8 29. Ra1 b6 30. Na4 Nxa4 31. bxa4 Re7 32. Rfe1 Rde8 33. Kf2 Re4 34. b3 Kf7 35. Rxe4 Rxe4 36. Re1 Rxe1 37. Kxe1 Ke6 38. Kd2 d4 39. Kd3 Kd5 40. g4 b5 41. f5 bxa4 42. bxa4 c5 43. c3 c4+ 44. Kd2 d3 45. Ke3 Ke5 46. Kf3 Kf6 47. h4 h5 0-1

[Event "Oberliga Baden 1112"]
[Site "Germany"]
[Date "2011.10.23"]
[Round "2.6"]
[White "Adler, Heiko"]
[Black "Eidinger, Helmut"]
[Result "1/2-1/2"]
[WhiteElo "2074"]
[BlackElo "2104"]
[PlyCount "53"]
[EventDate "2011.10.02"]
[EventType "team-tourn"]
[EventRounds "9"]
[EventCountry "GER"]
[SourceTitle "EXT 2013"]
[Source "ChessBase"]
[SourceDate "2012.11.22"]
[SourceVersion "1"]
[SourceVersionDate "2012.11.22"]
[SourceQuality "1"]
[WhiteTeam "Oberwinden"]
[BlackTeam "Waldshut"]
[WhiteTeamCountry "GER"]
[BlackTeamCountry "GER"]

1. e4 c5 2. Nf3 Nc6 3. d4 cxd4 4. Nxd4 Nf6 5. Nc3 d6 6. Bg5 e6 7. Qd2 Nxd4 8. Qxd4 Be7 9. g3 h6 10. Bd2 0-0 11. Bg2 e5 12. Qd3 Be6 13. Nd5 Rc8 14. 0-0 Qd7 15. c4 Rc6 16. Rfd1 Rfc8 17. Rac1 Bd8 18. b3 Bg4 19. f3 Bh5 20. Be3 Ra6 21. a4 Nxd5 22. Qxd5 Qc6 23. Kf2 Bb6 24. Qxc6 Bxe3+ 25. Kxe3 Raxc6 26. Bh3 R8c7 27. Rd5 1/2-1/2

[Event "Oberliga Baden 1011"]
[Site "Baden"]
[Date "2011.01.16"]
[Round "5.8"]
[White "Eidinger, Helmut"]
[Black "Wuest, Hans Heiner"]
[Result "1/2-1/2"]
[WhiteElo "2094"]
[BlackElo "2133"]
[PlyCount "31"]
[EventDate "2010.10.10"]
[EventType "team-tourn"]
[EventRounds "9"]
[EventCountry "GER"]
[SourceTitle "EXT 2012"]
[Source "ChessBase"]
[SourceDate "2011.11.24"]
[SourceVersion "1"]
[SourceVersionDate "2011.11.24"]
[SourceQuality "1"]
[WhiteTeam "Waldshut"]
[BlackTeam "Kirchheim"]
[WhiteTeamCountry "GER"]
[BlackTeamCountry "GER"]

1. e4 c5 2. Nf3 d6 3. d4 cxd4 4. Nxd4 Nf6 5. Nc3 a6 6. g3 Nc6 7. Bg2 e5 8. Nde2 Be7 9. 0-0 0-0 10. Bg5 Be6 11. Qd2 Qc7 12. Rad1 Rfd8 13. Bxf6 Bxf6 14. Nd5 Bxd5 15. Qxd5 b5 16. Qd2 1/2-1/2

[Event "Zuerich op-A 34th"]
[Site "Zuerich"]
[Date "2010.12.28"]
[Round "4"]
[White "Studer, Noel"]
[Black "Eidinger, Helmut"]
[Result "1-0"]
[WhiteElo "2052"]
[BlackElo "2097"]
[PlyCount "105"]
[EventDate "2010.12.26"]
[EventType "swiss"]
[EventRounds "7"]
[EventCountry "SUI"]
[SourceTitle "CBM 140 Extra"]
[Source "ChessBase"]
[SourceDate "2011.03.01"]
[SourceVersion "1"]
[SourceVersionDate "2011.03.01"]
[SourceQuality "1"]

1. e4 c5 2. Nf3 Nc6 3. d4 cxd4 4. Nxd4 Nf6 5. Nc3 d6 6. Bg5 e6 7. Qd2 Nxd4 8. Qxd4 Be7 9. 0-0-0 0-0 10. f3 Qa5 11. Bd2 e5 12. Qd3 Qc5 13. Be3 Qa5 14. Bd2 Qc5 15. Be3 Qa5 16. Qb5 Qc7 17. Bg5 Be6 18. Bxf6 Bxf6 19. Nd5 Bxd5 20. Qxd5 Rac8 21. c4 Rfd8 22. Kb1 a6 23. Be2 Bg5 24. g3 Be3 25. f4 Bd4 26. Rxd4 exd4 27. Qxd4 Qc5 28. Rd1 Qxd4 29. Rxd4 Kf8 30. b3 f6 31. Bg4 Rb8 32. Be6 Ke7 33. Bd5 b6 34. Rd2 h5 35. Kc2 Rh8 36. Kd3 Rbf8 37. Re2 Kd7 38. Bb7 a5 39. Bd5 Re8 40. a3 g5 41. h3 gxf4 42. gxf4 Re7 43. Rg2 Rhh7 44. Rg8 f5 45. exf5 Rhg7 46. Be6+ Kc7 47. f6 Rxg8 48. Bxg8 Re8 49. f7 Rf8 50. Ke4 Kd7 51. Kf5 Ke7 52. Kg6 a4 53. bxa4 1-0

[Event "Zuerich op-A 34th"]
[Site "Zuerich"]
[Date "2010.12.27"]
[Round "2"]
[White "Grandadam, Patrick"]
[Black "Eidinger, Helmut"]
[Result "1-0"]
[WhiteElo "2189"]
[BlackElo "2097"]
[PlyCount "117"]
[EventDate "2010.12.26"]
[EventType "swiss"]
[EventRounds "7"]
[EventCountry "SUI"]
[SourceTitle "CBM 140 Extra"]
[Source "ChessBase"]
[SourceDate "2011.03.01"]
[SourceVersion "1"]
[SourceVersionDate "2011.03.01"]
[SourceQuality "1"]

1. Nf3 c5 2. c4 Nc6 3. d4 cxd4 4. Nxd4 g6 5. e4 Bg7 6. Be3 d6 7. Nc3 Nf6 8. Be2 0-0 9. 0-0 Bd7 10. Rc1 Rc8 11. Nb3 b6 12. f3 Ne5 13. Nd5 Ba4 14. Qd2 Qd7 15. Nd4 Bc6 16. b4 Bb7 17. Bh6 Ne8 18. Bxg7 Kxg7 19. b5 e6 20. Nb4 Qc7 21. f4 Nd7 22. f5 e5 23. Ndc6 Ndf6 24. Nd5 Nxd5 25. cxd5 Bxc6 26. bxc6 Nf6 27. Qe3 h6 28. Ba6 Rce8 29. a4 g5 30. h3 Kh7 31. g3 Rg8 32. Rb1 Rb8 33. Rb5 Rge8 34. Rfb1 Kg7 35. Kg2 Re7 36. Kf3 Qd8 37. a5 Ne8 38. axb6 axb6 39. Bb7 Nc7 40. Rxb6 f6 41. Kg2 Re8 42. Qe2 Re7 43. Qh5 Qe8 44. Qxe8 Rexe8 45. Kf3 h5 46. Ke3 Kf7 47. Kd3 Red8 48. Kc3 Ke7 49. R1b3 Rf8 50. Ra3 Kd8 51. Ra7 Rf7 52. Kb4 Re7 53. Ka5 h4 54. g4 Rg7 55. Ba6 Rxb6 56. Kxb6 Re7 57. Rb7 Na8+ 58. Ka7 Rxb7+ 59. cxb7 1-0

[Event "Zuerich Seniors op 08th"]
[Site "Zuerich"]
[Date "2010.01.26"]
[Round "2"]
[White "Nohl, Hansjoerg"]
[Black "Eidinger, Helmut"]
[Result "0-1"]
[WhiteElo "1845"]
[BlackElo "2099"]
[PlyCount "141"]
[EventDate "2010.01.25"]
[EventType "swiss"]
[EventRounds "9"]
[EventCountry "SUI"]
[SourceTitle "EXT 2022"]
[Source "ChessBase"]
[SourceDate "2021.10.06"]
[SourceVersion "1"]
[SourceVersionDate "2021.10.06"]
[SourceQuality "1"]

1. d4 Nf6 2. Nf3 g6 3. c4 Bg7 4. Nc3 d5 5. Qb3 dxc4 6. Qxc4 0-0 7. e4 Nc6 8. d5 Na5 9. Qd3 c6 10. dxc6 Nxc6 11. Qxd8 Rxd8 12. Be2 Bg4 13. Be3 Bxf3 14. gxf3 Nd4 15. Rc1 Nd7 16. f4 Rac8 17. Nd5 Rxc1+ 18. Bxc1 e6 19. Nc3 Nc5 20. f3 Nc2+ 21. Kf2 Nb4 22. Kg3 b6 23. a3 Nc6 24. Rd1 Rxd1 25. Bxd1 Nd3 26. Ba4 Nxc1 27. Bxc6 Bxc3 28. bxc3 Ne2+ 29. Kf2 Nxf4 30. Ke3 e5 31. Bb5 Kf8 32. Bf1 Ke7 33. Kd2 g5 34. Kc2 Kd6 35. Kb3 Kc5 36. a4 f6 37. Kc2 h5 38. Kd2 Kd6 39. Kc2 Ne6 40. Kb3 Kc5 41. h3 Nd8 42. Bb5 Nb7 43. Be8 h4 44. Bd7 Na5+ 45. Kc2 Nc4 46. Kd3 Nd6 47. Kc2 a6 48. Kb3 b5 49. axb5 Nxb5 50. Be6 a5 51. Bg8 a4+ 52. Kc2 Nd6 53. Be6 Nc4 54. Kd3 Na5 55. Kc2 a3 56. Kd3 Nb7 57. Kc2 Nd6 58. Kb3 Nb5 59. Kc2 Nc7 60. Ba2 Nb5 61. Be6 Nd6 62. Kb3 Nb5 63. Kc2 Kb6 64. Ba2 Ka5 65. Kb3 Kb6 66. Kc4 Kc6 67. Kb3 Kd6 68. Kc4 Kc6 69. Kb3 Nd6 70. Kxa3 Kc5 71. Bb1 0-1

[Event "Oberliga Baden 0910"]
[Site "Germany"]
[Date "2009.11.29"]
[Round "3.7"]
[White "Raps, Johannes"]
[Black "Eidinger, Helmut"]
[Result "1/2-1/2"]
[WhiteElo "2181"]
[BlackElo "2115"]
[PlyCount "22"]
[EventDate "2009.10.18"]
[EventType "team-tourn"]
[EventRounds "9"]
[EventCountry "GER"]
[SourceTitle "EXT 2011"]
[Source "ChessBase"]
[SourceDate "2010.11.26"]
[SourceVersion "1"]
[SourceVersionDate "2010.11.26"]
[SourceQuality "1"]
[WhiteTeam "Bad Mergentheim"]
[BlackTeam "Waldshut"]
[WhiteTeamCountry "GER"]
[BlackTeamCountry "GER"]

1. e4 c5 2. Nf3 Nc6 3. d4 cxd4 4. Nxd4 Nf6 5. Nc3 d6 6. Be2 e5 7. Nb3 Be7 8. 0-0 0-0 9. Be3 Be6 10. f4 d5 11. fxe5 Nxe4 1/2-1/2

[Event "Verbandsliga Sued Baden 0809"]
[Site "Germany"]
[Date "2009.03.08"]
[Round "7.5"]
[White "Vyernyy, Leonid"]
[Black "Eidinger, Helmut"]
[Result "0-1"]
[WhiteElo "2025"]
[BlackElo "2150"]
[PlyCount "76"]
[EventDate "2008.09.28"]
[EventType "team"]
[EventRounds "9"]
[EventCountry "GER"]
[SourceTitle "EXT 2010"]
[Source "ChessBase"]
[SourceDate "2010.11.25"]
[SourceVersion "1"]
[SourceVersionDate "2010.11.25"]
[SourceQuality "1"]
[WhiteTeam "Rastatt"]
[BlackTeam "Waldshut"]
[WhiteTeamCountry "GER"]
[BlackTeamCountry "GER"]

1. e4 c5 2. Nf3 Nc6 3. d4 cxd4 4. Nxd4 Nf6 5. Nc3 d6 6. Be2 e5 7. Nb3 Be7 8. 0-0 0-0 9. Be3 Be6 10. f3 d5 11. exd5 Nxd5 12. Nxd5 Qxd5 13. Bd3 Rfd8 14. Qe2 Nd4 15. Nxd4 exd4 16. Be4 Qc4 17. Bd3 Qb4 18. Bd2 Qb6 19. f4 Bf8 20. a4 Re8 21. Qf3 f5 22. Rfe1 g6 23. a5 Qd6 24. Re5 Bg7 25. Rb5 Qc6 26. Qf1 Bf7 27. Kh1 Rac8 28. Rb4 Re7 29. h3 Bd5 30. Rb5 Be4 31. Bb4 Bxd3 32. Qxd3 Re3 33. Qf1 Qxc2 34. Ba3 d3 35. b4 Bxa1 36. Qxa1 d2 37. Qf6 d1Q+ 38. Kh2 Qxg2+ 0-1

[Event "Zuerich op-A 32nd"]
[Site "Zuerich"]
[Date "2008.12.30"]
[Round "7"]
[White "Rindlisbacher, Lars"]
[Black "Eidinger, Helmut"]
[Result "0-1"]
[WhiteElo "1966"]
[BlackElo "2150"]
[PlyCount "44"]
[EventDate "2008.12.26"]
[EventType "swiss"]
[EventRounds "7"]
[EventCountry "SUI"]
[SourceTitle "CBM 127 Extra"]
[Source "ChessBase"]
[SourceDate "2009.01.08"]
[SourceVersion "2"]
[SourceVersionDate "2009.01.28"]
[SourceQuality "1"]

1. e4 c5 2. Nf3 Nc6 3. Nc3 d6 4. d4 cxd4 5. Nxd4 Nf6 6. Bg5 e6 7. Qd2 Nxd4 8. Qxd4 Be7 9. 0-0-0 0-0 10. f4 h6 11. Bh4 Qa5 12. e5 dxe5 13. fxe5 Rd8 14. Qa4 Rxd1+ 15. Kxd1 Qxe5 16. Bxf6 Qxf6 17. Bd3 Bf8 18. Qe4 Qf5 19. Qa4 Qg5 20. h4 Qxg2 21. Rf1 e5 22. Rxf7 Qg4+ 0-1

[Event "Oberliga Baden 0708"]
[Site "Germany"]
[Date "2008.01.20"]
[Round "5.7"]
[White "Eidinger, Helmut"]
[Black "Schmidt, Stefan"]
[Result "1/2-1/2"]
[WhiteElo "2134"]
[BlackElo "2134"]
[PlyCount "81"]
[EventDate "2007.10.21"]
[EventType "team-tourn"]
[EventRounds "9"]
[EventCountry "GER"]
[SourceTitle "EXT 2009"]
[Source "ChessBase"]
[SourceDate "2008.11.26"]
[SourceVersion "1"]
[SourceVersionDate "2008.11.26"]
[SourceQuality "1"]
[WhiteTeam "Waldshut"]
[BlackTeam "Viernheim"]
[WhiteTeamCountry "GER"]
[BlackTeamCountry "GER"]

1. c4 c5 2. Nc3 Nc6 3. g3 g6 4. Bg2 Bg7 5. d3 e5 6. e4 d6 7. Nge2 Nge7 8. 0-0 a6 9. f4 0-0 10. fxe5 dxe5 11. Nd5 Bg4 12. Bf3 Bh3 13. Rf2 Nxd5 14. exd5 Nd4 15. Nxd4 exd4 16. Bf4 h6 17. Qb3 b6 18. Re1 g5 19. Bc1 Qd6 20. Rfe2 Bd7 21. Qd1 Rae8 22. Rxe8 Rxe8 23. Rxe8+ Bxe8 24. Bg4 Qe5 25. Qe2 Qxe2 26. Bxe2 f5 27. Kf2 Kh7 28. Bf3 Be5 29. Bd2 Bd6 30. a3 a5 31. b3 Kg6 32. Bg2 Kf6 33. a4 Bg6 34. Bf1 Ke5 35. Be2 Be7 36. Kf3 g4+ 37. Kf2 Bg5 38. Bxg5 hxg5 39. Ke1 f4 40. gxf4+ Kxf4 41. Kf2 1/2-1/2

[Event "Zuerich op-A 31th"]
[Site "Zuerich"]
[Date "2007.12.27"]
[Round "3"]
[White "Eidinger, Helmut"]
[Black "Deubelbeiss, Rene"]
[Result "1-0"]
[WhiteElo "2152"]
[BlackElo "2054"]
[PlyCount "33"]
[EventDate "2007.12.26"]
[EventType "swiss"]
[EventRounds "7"]
[EventCountry "SUI"]
[SourceTitle "CBM 122 Extra"]
[Source "ChessBase"]
[SourceDate "2008.03.04"]
[SourceVersion "1"]
[SourceVersionDate "2008.03.04"]
[SourceQuality "1"]

1. c4 e5 2. Nc3 Nf6 3. g3 c6 4. Nf3 e4 5. Nd4 d5 6. cxd5 cxd5 7. Bg2 Bc5 8. Nb3 Bb6 9. 0-0 0-0 10. d3 Bf5 11. dxe4 dxe4 12. Bg5 e3 13. fxe3 Qc8 14. Nd4 Bh3 15. Bxf6 gxf6 16. Nd5 Bxg2 17. Ne7+ 1-0